000 01634cam a22003497a 4500
001 17429607
003 ARRUPE
005 20131125135024.0
008 120814s2012 enk b 001 0 eng d
010 _a 2012451098
020 _a9780281068074 (pbk.)
020 _a0281068070 (pbk.)
035 _a(OCoLC)ocn795596281
040 _aXII
_cXII
_dXII
_dDEBSZ
_dDLC
042 _alccopycat
050 0 0 _aBV823
_b.B64 2012
100 1 _aBradshaw, Paul F.
_93705
245 1 4 _aThe Eucharistic liturgies :
_btheir evolution and interpretation /
_cPaul F. Bradshaw, Maxwell E. Johnson.
260 _aLondon :
_bSPCK, Society for Promoting Christian Knowledge,
_c2012.
300 _axvi, 368 p. ;
_c24 cm.
490 1 _aAlcuin Club collections ;
_v87
500 _a"Originally published in the United States of America in 2012 by Liturgical Press, Collegeville, Minnesota."--T.p. verso.
504 _aIncludes bibliographical references and index.
505 0 _aOrigins -- The second and third centuries -- The fourth and fifth centuries : historical context and rites -- The fourth and fifth centuries : questions in anaphoral development and eucharistic theology -- The Christian East -- The medieval West -- The Protestant and Catholic Reformations -- The modern period.
650 0 _aLord's Supper (Liturgy)
_xHistory.
_93706
650 0 _aLiturgics
_xHistory.
_93707
700 1 _aJohnson, Maxwell E.,
_d1952-
_93708
830 0 _aAlcuin Club collections ;
_vno. 87.
_93709
906 _a7
_bcbc
_ccopycat
_d2
_encip
_f20
_gy-gencatlg
942 _2lcc
_cMONOGRAPH
999 _c118649
_d118649